000
00278nam a2200109 4500
008
160625b xxu||||| |||| 00| 0 eng d
100
_9
1170
_a
Mitchell, B
245
_a
General Economics
260
_a
N.Y
_b
Henry Holt & Com.
_c
1937
300
_a
General Economics
942
_2
ddc
_c
BK
999
_c
952
_d
952